| 000 | 00487nam a22001697a 4500 | ||
|---|---|---|---|
| 082 |
_a539 _bBEI _cN-01, P-145 |
||
| 100 |
_aBeiser Arthur _98560 |
||
| 245 |
_aConcepts of modern physics _cArthur beiser |
||
| 250 | _a6th ed. | ||
| 260 |
_aIslamabad _bNatonal Book Foundation |
||
| 300 |
_ax, 542 p. _bill. _c29 cm. |
||
| 526 |
_a0 _b0 _c0 _d539_000000000000000_BEI |
||
| 650 |
_aConcepts of modern physics _940034 |
||
| 650 |
_bNUST _96342 |
||
| 700 |
_aBeiser A. _940035 |
||
| 942 |
_2ddc _cBK |
||
| 999 |
_c544410 _d544410 |
||